| 000 | 00476nam a22001697a 4500 | ||
|---|---|---|---|
| 003 | BD-ChCU | ||
| 005 | 20251130090205.0 | ||
| 008 | 251130b bg ||||| |||| 00| 0 ben d | ||
| 040 | _cBD-ChCU | ||
| 082 | _a550 SPB | ||
| 100 |
_aSpencer , Edgar Winston. _917099 |
||
| 245 |
_aBasic concepts of physical geology ./ _cEdgar winston, Spencer. |
||
| 260 |
_aNew Delhi : _bOxford & IBH pub. _cC 1962 |
||
| 300 | _axv, 467p | ||
| 650 | 0 |
_aGeophysics _917102 |
|
| 942 |
_2ddc _cBK _n0 |
||
| 999 |
_c109933 _d109933 |
||